000085886 001__ 85886
000085886 005__ 20191119144728.0
000085886 037__ $$aTAZ-TFG-2019-255
000085886 041__ $$aspa
000085886 1001_ $$aZorrilla Medrano, Arturo
000085886 24200 $$aDesign and implementation of Balanced Scorecard for Alomarte
000085886 24500 $$aDiseño e Implementación del Cuadro de Mando Integral en la empresa Alomarte
000085886 260__ $$aZaragoza$$bUniversidad de Zaragoza$$c2019
000085886 500__ $$aCon la colaboración de la empresa Alomarte
000085886 506__ $$aby-nc-sa$$bCreative Commons$$c3.0$$uhttp://creativecommons.org/licenses/by-nc-sa/3.0/
000085886 520__ $$aA través de la utilización del cuadro de mando integral, intentaré coordinar las cuatro perspectivas para medir la eficiencia de la empresa, definiendo unos objetivos claros acompañados de una serie de indicadores que permitirán saber si nos estamos acercando al objetivo último, y permitirán asentar las bases para la alineación estratégica de Alomarte
000085886 521__ $$aGraduado en Administración y Dirección de Empresas
000085886 540__ $$aDerechos regulados por licencia Creative Commons
000085886 700__ $$aLópez Viñegla, Alfonso$$edir.
000085886 7102_ $$aUniversidad de Zaragoza$$bContabilidad y Finanzas$$c
000085886 8560_ $$f682683@celes.unizar.es
000085886 8564_ $$s1759218$$uhttps://zaguan.unizar.es/record/85886/files/TAZ-TFG-2019-255.pdf$$yMemoria (spa)
000085886 909CO $$ooai:zaguan.unizar.es:85886$$pdriver$$ptrabajos-fin-grado
000085886 950__ $$a
000085886 951__ $$adeposita:2019-11-19
000085886 980__ $$aTAZ$$bTFG$$cECON
000085886 999__ $$a20190215115628.CREATION_DATE